00830nam a2200169 i 4500001000700000003000900007005001700016008004100033111006700074245023100141260005200372300002800424650005400452650006100506700003600567852005700603160501ES-MaACL20230906212043.0011127s1877 xxu |||| | eng d2 aNational Prison Reform Congress (n4ยบ. d1876). cNueva York)10aTransactions of the Fourth National Prison Reform Congress b: held at New York, june 6-9, 1876 : being the report of the National Prison Association of the United States, for the years 1874 and 1875 / cedited by E. C. Wines. aNew York : bOffice of the Association, c1877. aXVII, 629 p. ; c23 cm. 4aEstablecimientos penitenciarios-zEstados Unidos. 4aEstablecimientos penitenciarios-vCongresos y asambleas.1 aWines, Enoch Cobb (d1806-1879) aES-MaACLjD-153 z- Enc. hol. z. - Donativo Lastres